000 00513nam a2200181 a 4500
005 20160109035145.0
008 140312b1999 ja ||||| |||| 00| 0 spa d
040 _aCO-BoIAVH
_cCO-BoIAVH
041 _aspa
090 _aLB
_b03393
100 _aTamura, Tsutomu
245 _aEstimación sobre el consumo total de alimento por los cetáceos en los océanos del mundo
260 _aTokyo
_bICR
_c1999
300 _a16 p.
700 _aOhsumi, Seiji
942 _cImpreso
_2z
945 _d2004-01-28
999 _c3620
_d3620